Statistics for Fast Typing to Fifty

Click here to take the quiz!

General Stats

  • This quiz has been taken 359 times
    (330 since last reset)
  • The average score is 39 of 50

Answer Stats

Digit FormWord Form% Correct
1one
100%
3three
97%
2two
97%
5five
96%
4four
96%
6six
96%
8eight
95%
9nine
95%
7seven
95%
10ten
95%
11eleven
94%
12twelve
93%
14fourteen
91%
15fifteen
90%
17seventeen
90%
16sixteen
90%
13thirteen
90%
18eighteen
89%
19nineteen
87%
20twenty
87%
21twenty-one
86%
22twenty-two
85%
23twenty-three
83%
24twenty-four
81%
25twenty-five
80%
27twenty-seven
79%
26twenty-six
79%
30thirty
78%
28twenty-eight
77%
29twenty-nine
76%
31thirty-one
74%
33thirty-three
74%
32thirty-two
74%
34thirty-four
72%
35thirty-five
71%
36thirty-six
70%
37thirty-seven
69%
38thirty-eight
67%
39thirty-nine
66%
40forty
63%
41forty-one
58%
42forty-two
55%
43forty-three
54%
44forty-four
52%
45forty-five
49%
46forty-six
48%
50fifty
46%
47forty-seven
45%
48forty-eight
43%
49forty-nine
40%

Score Distribution

Percentile by Number Answered

Percent of People with Each Score

Your Score History

You have not taken this quiz since the last reset